La Revolución nicaragüense: la antigua y la nueva guerrilla de América Latina /
Se formulan algunas conclusiones generales sobre el fracaso o éxito de los movimientos guerrilleros en América Latina, a la luz de la experiencia nicaragüense. Se hace el perfil de las relaciones diplomáticas, económicas y culturales entre Costa Rica y la Unión Sovitica las que se establecen desde h...
Kaydedildi:
| Yazar: | |
|---|---|
| Materyal Türü: | Metin |
| Konular: | |
| Etiketler: |
Etiketle
Etiket eklenmemiş, İlk siz ekleyin!
|
MARC
| LEADER | 00000 a a2200000 04500 | ||
|---|---|---|---|
| 001 | 954 | ||
| 003 | |||
| 040 | |||
| 100 | |a Waldmann, Peter | ||
| 245 | |a La Revolución nicaragüense: |b la antigua y la nueva guerrilla de América Latina / |c Peter Waldmann | ||
| 520 | |a Se formulan algunas conclusiones generales sobre el fracaso o éxito de los movimientos guerrilleros en América Latina, a la luz de la experiencia nicaragüense. Se hace el perfil de las relaciones diplomáticas, económicas y culturales entre Costa Rica y la Unión Sovitica las que se establecen desde hace 40 año y se caracterizan como de bajo perfil. Se especifican circunstancias que no hacen esperar una modificación futura en ellas, a pesar de algunos factores de roce, como la actual crisis centroamericana, en la que, según encuestas realizadas en Costa Rica, la población cree que Cuba y la Unión Soviética tienen responsabilidad. Se concluye además que las organizaciones guerrilleras han aprendido con la experiencia sandinista, se han hecho más prudentes, flexibles, perseverantes y eficaces y que la crisis centroamericana ha adquirido un fuerte componente internacional debido a la ingerencia abierta de Estados Unidos y al interés que tienen las potencias regionales en el conflicto. AR/JM | ||
| 650 | |a CAMBIO SOCIAL | ||
| 650 | |a INTERVENCION EXTRANJERA | ||
| 650 | |a MILITARISMO | ||
| 650 | |a GUERRILLEROS | ||
| 650 | |a RECESION ECONOMICA | ||
| 650 | |a EMPOBRECIMIENTO | ||
| 650 | |a CORRUPCION | ||
| 650 | |a DERECHOS HUMANOS | ||
| 650 | |a RELACIONES NORTE |z -SUR | ||
| 650 | |a DEPENDENCIA ECONOMICA | ||
| 650 | |a GUERRA CIVIL | ||
| 650 | |a PUB.IIS | ||
| 773 | |g volumen 12, número 1; páginas 5-24 | ||
| 999 | |c 27990 |d 27990 | ||
